000 00363nam a2200145Ia 4500
008 230312s9999||||xx |||||||||||||| ||und||
020 _a978-81-317-0688
082 _a004.65
_bMAN-W
100 _aPeatman,John B
245 0 _aDesighn with PIC Miccrocontrollers
260 _bPearson
_aIndia
_c2004
300 _a857
650 _aComputer
_vComputer
942 _cBK
999 _c15667
_d15667